[Event "Budapest FS03 GM-2"]
[Site "Budapest"]
[Date "2024.03.23"]
[Round "8"]
[White "Rohit, Krishna S"]
[Black "Egresi, Mate"]
[Result "1/2-1/2"]
[WhiteElo "2410"]
[BlackElo "2374"]
[PlyCount "98"]
[EventDate "2024.03.14"]
[EventType "tourn"]
[EventRounds "9"]
[EventCountry "HUN"]
[EventCategory "7"]
[SourceTitle "CB15_2024"]
[SourceDate "2024.04.10"]
[SourceVersion "1"]
[SourceVersionDate "2024.04.10"]
[SourceQuality "1"]

1. d4 d5 2. c4 e6 3. Nc3 Nf6 4. Nf3 c5 5. cxd5 cxd4 6. Qxd4 exd5 7. Bg5 Be7 8. e3 0-0 9. Rd1 Be6 10. Qa4 h6 11. Bh4 Qb6 12. Qb5 Nc6 13. Qxb6 axb6 14. a3 Rfd8 15. Nb5 Rd7 16. Be2 g5 17. Bg3 Ne4 18. Nfd4 Bf6 19. f3 Nxg3 20. hxg3 Kg7 21. g4 Nxd4 22. Nxd4 Rc8 23. Kf2 Bxd4 24. Rxd4 Rc2 25. Rb1 f5 26. gxf5 Bxf5 27. Rbd1 Rxb2 28. e4 Be6 29. exd5 Bf7 30. d6 b5 31. Kf1 Kf6 32. f4 Bc4 33. fxg5+ hxg5 34. Bxc4 bxc4 35. Rxc4 Rb6 36. Rc7 Rdxd6 37. Rxd6+ Rxd6 38. Rxb7 Rd3 39. a4 Rd4 40. a5 Ra4 41. Rb6+ Kf5 42. a6 Ra2 43. Kg1 Kg4 44. Kh2 Ra4 45. Rc6 Ra2 46. Rf6 Ra4 47. Kg1 Kg3 48. Rf3+ Kg4 49. Rf6 Kg3 1/2-1/2

[Event "Budapest FS03 GM-2"]
[Site "Budapest"]
[Date "2024.03.18"]
[Round "4"]
[White "Neverov, Valeriy"]
[Black "Egresi, Mate"]
[Result "1/2-1/2"]
[WhiteElo "2423"]
[BlackElo "2374"]
[PlyCount "161"]
[EventDate "2024.03.14"]
[EventType "tourn"]
[EventRounds "9"]
[EventCountry "HUN"]
[EventCategory "7"]
[SourceTitle "CB15_2024"]
[SourceDate "2024.04.10"]
[SourceVersion "1"]
[SourceVersionDate "2024.04.10"]
[SourceQuality "1"]

1. d4 Nf6 2. c4 g6 3. Nc3 d5 4. cxd5 Nxd5 5. e4 Nxc3 6. bxc3 Bg7 7. Be3 c5 8. Qd2 Qa5 9. Rc1 0-0 10. Nf3 Nd7 11. Bd3 e5 12. d5 f5 13. Bh6 fxe4 14. Bxg7 Kxg7 15. Bxe4 Nf6 16. c4 Qa3 17. Rc3 Qb4 18. Bc2 Bg4 19. 0-0 Bxf3 20. Rb1 Qa5 21. Rxb7+ Rf7 22. Rxf7+ Kxf7 23. gxf3 Nh5 24. Rd3 Qxd2 25. Rxd2 Rb8 26. a3 Nf4 27. h4 Ke7 28. d6+ Kd8 29. Ba4 Rb6 30. Bb5 Ne6 31. Rd5 Nd4 32. Kg2 Nxb5 33. cxb5 Rxb5 34. Rxe5 Kd7 35. Re7+ Kxd6 36. Rxa7 c4 37. Kf1 Rh5 38. Ke2 Rxh4 39. Ra8 Rh1 40. Rc8 Kd5 41. Kd2 Ra1 42. Rd8+ Ke5 43. Re8+ Kf4 44. Rf8+ Kg5 45. Rc8 Ra2+ 46. Ke1 Rxa3 47. Rxc4 Rxf3 48. Kf1 Rf4 49. Rc3 Kg4 50. Ra3 h5 51. Rb3 Re4 52. Kg2 Kf5 53. Rb8 Re6 54. Ra8 g5 55. Ra5+ Re5 56. Ra8 h4 57. Rf8+ Ke4 58. Rh8 Kf4 59. Rh7 Re2 60. Rf7+ Kg4 61. Rf8 Ra2 62. Rb8 Ra4 63. Rb3 Rf4 64. Ra3 Kh5 65. Ra8 Rf6 66. Rb8 Ra6 67. Rh8+ Kg6 68. Rg8+ Kf6 69. Rf8+ Kg7 70. Rb8 Ra4 71. Rb6 g4 72. Rc6 Rf4 73. Ra6 Rf6 74. Ra4 Rg6 75. f3 h3+ 76. Kg3 gxf3+ 77. Kxf3 h2 78. Rh4 Rh6 79. Rxh6 Kxh6 80. Kg2 h1Q+ 81. Kxh1 1/2-1/2

[Event "Budapest SixDays 01 IM-B"]
[Site "Budapest"]
[Date "2024.01.29"]
[Round "4"]
[White "Egresi, Mate"]
[Black "Semprun Martinez, Fernando M"]
[Result "1-0"]
[WhiteElo "2389"]
[BlackElo "2071"]
[PlyCount "35"]
[EventDate "2024.01.27"]
[EventType "tourn"]
[EventRounds "9"]
[EventCountry "HUN"]
[SourceTitle "CB06_2024"]
[SourceDate "2024.02.07"]
[SourceVersion "1"]
[SourceVersionDate "2024.02.07"]
[SourceQuality "1"]

1. d4 Nf6 2. c4 g6 3. Nc3 d5 4. Bf4 Bg7 5. e3 c5 6. dxc5 Be6 7. Nf3 Qa5 8. Nd4 Qxc5 9. Nb3 Qc6 10. Nd4 Qc5 11. Nxe6 fxe6 12. Be2 Nc6 13. cxd5 exd5 14. 0-0 0-0 15. Rc1 e5 16. Nxd5 Qa5 17. Nxf6+ Bxf6 18. Bh6 1-0

[Event "Budapest SixDays 01 IM-B"]
[Site "Budapest"]
[Date "2024.01.29"]
[Round "5"]
[White "Srinath, Rao SV"]
[Black "Egresi, Mate"]
[Result "1-0"]
[WhiteElo "2260"]
[BlackElo "2389"]
[PlyCount "89"]
[EventDate "2024.01.27"]
[EventType "tourn"]
[EventRounds "9"]
[EventCountry "HUN"]
[SourceTitle "CB06_2024"]
[SourceDate "2024.02.07"]
[SourceVersion "1"]
[SourceVersionDate "2024.02.07"]
[SourceQuality "1"]

1. e4 c6 2. d4 d5 3. Nc3 dxe4 4. Nxe4 Nf6 5. Nxf6+ exf6 6. Bd3 Qxd4 7. Nf3 Qd8 8. 0-0 Bd6 9. Re1+ Be6 10. Nd4 Bxh2+ 11. Kf1 Qd5 12. Qg4 Nd7 13. Nxe6 fxe6 14. Bc4 Ne5 15. Bxd5 Nxg4 16. Bxe6 Ne5 17. g3 h5 18. Kg2 h4 19. Bf4 hxg3 20. fxg3 Ke7 21. Bg4 Rad8 22. Rxe5+ fxe5 23. Bg5+ Kf7 24. Rf1+ Kg6 25. Bxd8 Rxd8 26. Bf5+ Kg5 27. Kxh2 c5 28. Kh3 Rd4 29. Bc8 g6 30. Rf7 Rd2 31. Rxb7 Rxc2 32. a4 e4 33. Re7 Rxb2 34. Rxe4 Rb4 35. Rxb4 cxb4 36. Be6 a5 37. Bg8 Kf5 38. Kh4 Ke4 39. Kg5 Kd4 40. Kxg6 Kc3 41. g4 b3 42. g5 b2 43. Ba2 Kb4 44. Kf6 b1N 45. Bxb1 1-0

[Event "Budapest FS12 GM"]
[Site "Budapest"]
[Date "2023.12.06"]
[Round "5"]
[White "Arhan, Chethan Anand"]
[Black "Egresi, Mate"]
[Result "0-1"]
[WhiteElo "2378"]
[BlackElo "2367"]
[PlyCount "120"]
[EventDate "2023.12.02"]
[EventType "tourn"]
[EventRounds "9"]
[EventCountry "HUN"]
[EventCategory "6"]
[SourceTitle "CB51_2023"]
[SourceDate "2023.12.20"]
[SourceVersion "1"]
[SourceVersionDate "2023.12.20"]
[SourceQuality "1"]

1. d4 d5 2. c4 e6 3. Nf3 Nf6 4. g3 dxc4 5. Bg2 c5 6. 0-0 Nc6 7. Qa4 Bd7 8. Qxc4 b5 9. Qd3 c4 10. Qd1 Rc8 11. Bf4 Be7 12. Nc3 a6 13. a3 Na5 14. Qc2 Bc6 15. e4 Bb7 16. Rad1 0-0 17. Rfe1 Nb3 18. h4 h6 19. Bh3 Ra8 20. g4 Nh7 21. d5 Nc5 22. Re3 Nd3 23. Rexd3 cxd3 24. Rxd3 exd5 25. Nxd5 Bxd5 26. Rxd5 Qc8 27. Qd3 Nf6 28. Re5 Rd8 29. Qf1 Qc2 30. Rxe7 Rd1 31. Ne1 Qb1 32. Kh2 Rxe1 33. Qg2 Re8 34. g5 Ng4+ 35. Qxg4 Rh1+ 36. Kg3 Rg1+ 37. Kh2 Rh1+ 38. Kg3 Rxe7 39. gxh6 Rg1+ 40. Bg2 f5 41. exf5 Qxb2 42. Kh3 Qxf2 43. Bd5+ Kh7 44. Qf3 Qxf3+ 45. Bxf3 Rf1 46. Kg2 Rxf3 47. Kxf3 gxh6 48. Bd2 Rd7 49. Bb4 a5 50. Bxa5 Rd3+ 51. Ke4 Rxa3 52. Be1 Ra1 53. Bg3 Rd1 54. Be5 b4 55. Kf3 b3 56. Ke2 Rd5 57. Bb2 Rxf5 58. Kd3 Rf4 59. h5 Rf5 60. Kc3 Rxh5 0-1

[Event "HUN-ch Rapid"]
[Site "Ajka"]
[Date "2023.07.22"]
[Round "5"]
[White "Aczel, Gergely"]
[Black "Egresi, Mate"]
[Result "1/2-1/2"]
[WhiteElo "2489"]
[BlackElo "2340"]
[PlyCount "146"]
[EventDate "2023.07.21"]
[EventType "swiss (rapid)"]
[EventRounds "13"]
[EventCountry "HUN"]
[SourceTitle "CBM 215 Extra"]
[Source "ChessBase"]
[SourceDate "2023.09.30"]
[SourceVersion "1"]
[SourceVersionDate "2023.09.30"]
[SourceQuality "1"]

1. d4 h5 2. e4 d5 3. exd5 Qxd5 4. Nc3 Qd6 5. Nf3 Nf6 6. Bg5 Bf5 7. Bd3 Bxd3 8. Qxd3 Nbd7 9. 0-0-0 0-0-0 10. Rhe1 e6 11. Ne5 Qe7 12. Qf3 Qe8 13. Nxd7 Qxd7 14. Bxf6 gxf6 15. Qxf6 Bb4 16. Re3 Be7 17. Qf4 Rhg8 18. h4 Rxg2 19. d5 Bd6 20. Qf3 Rg4 21. dxe6 fxe6 22. Ne4 Rxh4 23. Nxd6+ cxd6 24. Qf6 Ra4 25. Kb1 Ra6 26. Rxe6 Qa4 27. a3 Rc6 28. Re2 Qb5 29. Qe6+ Kc7 30. Rd5 Rc5 31. Rd3 Rd7 32. Red2 Qc6 33. Qf6 a5 34. f4 Qh1+ 35. Ka2 Rc6 36. Rc3 Qe4 37. Rdd3 Qe7 38. Qd4 Qe6+ 39. b3 Qf5 40. Rxc6+ bxc6 41. Rc3 Qb5 42. a4 Qb6 43. Qf6 Qf2 44. Kb2 h4 45. f5 Qf4 46. Qe6 Qe5 47. Qxe5 dxe5 48. Rh3 Rh7 49. Kc3 Kd6 50. b4 axb4+ 51. Kxb4 e4 52. Kc4 Ke5 53. a5 Kxf5 54. a6 Kg4 55. Re3 Kf4 56. Rh3 e3 57. Kd3 Rd7+ 58. Ke2 Rd2+ 59. Ke1 Rxc2 60. Rxh4+ Kf3 61. Rh3+ Ke4 62. Rh7 Ra2 63. a7 c5 64. Re7+ Kd3 65. Rd7+ Kc3 66. Re7 e2 67. Re3+ Kd4 68. Rh3 c4 69. a8Q Rxa8 70. Kxe2 Ra1 71. Kd2 c3+ 72. Rxc3 Rd1+ 73. Kxd1 Kxc3 1/2-1/2

[Event "HUN-ch Rapid"]
[Site "Ajka"]
[Date "2023.07.21"]
[Round "3"]
[White "Egresi, Mate"]
[Black "Kozul, Zdenko"]
[Result "0-1"]
[WhiteElo "2340"]
[BlackElo "2532"]
[PlyCount "106"]
[EventDate "2023.07.21"]
[EventType "swiss (rapid)"]
[EventRounds "13"]
[EventCountry "HUN"]
[SourceTitle "CBM 215 Extra"]
[Source "ChessBase"]
[SourceDate "2023.09.30"]
[SourceVersion "1"]
[SourceVersionDate "2023.09.30"]
[SourceQuality "1"]

1. d4 Nf6 2. c4 g6 3. Nc3 Bg7 4. e4 d6 5. Nf3 0-0 6. Be2 e5 7. 0-0 Nbd7 8. Be3 h6 9. h3 exd4 10. Nxd4 Re8 11. f3 Nh5 12. Qd2 Ng3 13. Rfe1 Kh7 14. Ndb5 a6 15. Na7 Ne5 16. Nxc8 Rxc8 17. Rad1 h5 18. c5 dxc5 19. Bxc5 Qxd2 20. Rxd2 Nxe2+ 21. Rexe2 Rcd8 22. Rxd8 Rxd8 23. Nd5 Nd7 24. Be7 Re8 25. Bh4 c6 26. Ne3 Ne5 27. b3 Bh6 28. Bf6 Re6 29. Bxe5 Rxe5 30. Kf2 Re7 31. g3 Rd7 32. Nc4 Bf8 33. Rd2 Rxd2+ 34. Nxd2 Kg7 35. Nc4 Bb4 36. a3 Bc5+ 37. Ke2 b5 38. Na5 Bxa3 39. Nxc6 Kf6 40. f4 Ke6 41. Kf3 Bd6 42. e5 Kd7 43. Nd4 Bc5 44. Ke4 Bxd4 45. Kxd4 a5 46. g4 h4 47. Kc5 a4 48. bxa4 bxa4 49. Kb4 Ke6 50. Kxa4 g5 51. fxg5 Kxe5 52. Kb4 Kf4 53. Kc5 Kg3 0-1

[Event "Budapest FS08 GM"]
[Site "Budapest"]
[Date "2022.08.10"]
[Round "5"]
[White "Aveskulov, Valeriy"]
[Black "Egresi, Mate"]
[Result "1/2-1/2"]
[WhiteElo "2534"]
[BlackElo "2362"]
[PlyCount "84"]
[EventDate "2022.08.06"]
[EventType "tourn"]
[EventRounds "9"]
[EventCountry "HUN"]
[EventCategory "7"]
[SourceTitle "CBM 209 Extra"]
[Source "ChessBase"]
[SourceDate "2022.09.30"]
[SourceVersion "1"]
[SourceVersionDate "2022.09.30"]
[SourceQuality "1"]

1. e4 d6 2. d4 Nf6 3. Nc3 e5 4. Nf3 Nbd7 5. Bc4 Be7 6. 0-0 0-0 7. Re1 c6 8. a4 Re8 9. h3 exd4 10. Nxd4 d5 11. exd5 Nb6 12. Bb3 Nbxd5 13. Nxd5 Nxd5 14. c3 Bf6 15. Rxe8+ Qxe8 16. Bxd5 cxd5 17. Be3 Bxd4 18. Bxd4 Be6 19. Qd2 f6 20. a5 a6 21. Re1 Qd7 22. Qf4 Re8 23. Re3 Bf7 24. Rxe8+ Bxe8 25. f3 h6 26. Kf2 Kh7 27. g4 Bg6 28. h4 Qe7 29. Be3 Qe5 30. Qxe5 fxe5 31. Bb6 Bc2 32. Ke2 Kg6 33. Ke3 Bd1 34. b4 Kf6 35. Bc5 g6 36. Bf8 h5 37. gxh5 gxh5 38. f4 exf4+ 39. Kxf4 Ke6 40. Bc5 Be2 41. Bd4 Bd1 42. Bc5 Be2 1/2-1/2

[Event "Budapest FS08 GM"]
[Site "Budapest"]
[Date "2022.08.08"]
[Round "3"]
[White "Setyaki, Azarya Jodi"]
[Black "Egresi, Mate"]
[Result "1-0"]
[WhiteElo "2404"]
[BlackElo "2362"]
[PlyCount "101"]
[EventDate "2022.08.06"]
[EventType "tourn"]
[EventRounds "9"]
[EventCountry "HUN"]
[EventCategory "7"]
[SourceTitle "CBM 209 Extra"]
[Source "ChessBase"]
[SourceDate "2022.09.30"]
[SourceVersion "1"]
[SourceVersionDate "2022.09.30"]
[SourceQuality "1"]

1. e4 d6 2. d4 c6 3. Nc3 e5 4. Nf3 Qc7 5. Be3 Nf6 6. h3 b5 7. Bd3 Nbd7 8. 0-0 Be7 9. a4 b4 10. Ne2 0-0 11. Qd2 d5 12. Nxe5 dxe4 13. Nxd7 Bxd7 14. Bc4 Nd5 15. Ng3 f5 16. Bf4 Bd6 17. Ne2 Kh8 18. Bxd5 cxd5 19. Bxd6 Qxd6 20. Qf4 Qf6 21. Qc7 Bc8 22. Nf4 Ba6 23. Rfd1 Rfd8 24. Qe5 Qxe5 25. dxe5 Bb7 26. Rd4 a5 27. Rad1 Re8 28. Nxd5 Rxe5 29. Nb6 Rg8 30. Nc4 Rc5 31. Nd6 Rc7 32. Nxf5 Rxc2 33. Nd6 Rc7 34. Nxb7 Rxb7 35. Rxe4 h6 36. Rd5 Ra8 37. b3 Rc7 38. Re3 Rc1+ 39. Kh2 Rc2 40. Rf3 Kg8 41. Rdf5 Rb2 42. h4 Rb1 43. h5 Rb2 44. g3 Rb1 45. Kh3 Rb2 46. Kg4 Rb1 47. Re3 Rf8 48. Rxa5 Rxf2 49. Rb5 Rc1 50. Rb8+ Kf7 51. Re4 1-0

[Event "Budapest FS08 GM"]
[Site "Budapest"]
[Date "2022.08.06"]
[Round "1"]
[White "Song, Raymond"]
[Black "Egresi, Mate"]
[Result "1-0"]
[WhiteElo "2465"]
[BlackElo "2362"]
[PlyCount "111"]
[EventDate "2022.08.06"]
[EventType "tourn"]
[EventRounds "9"]
[EventCountry "HUN"]
[EventCategory "7"]
[SourceTitle "CBM 209 Extra"]
[Source "ChessBase"]
[SourceDate "2022.09.30"]
[SourceVersion "1"]
[SourceVersionDate "2022.09.30"]
[SourceQuality "1"]

1. e4 d6 2. d4 Nf6 3. Nc3 e5 4. Nf3 Nbd7 5. Bc4 Be7 6. 0-0 0-0 7. Re1 a6 8. a4 b6 9. Be3 Bb7 10. d5 a5 11. Nd2 Nc5 12. Bxc5 bxc5 13. Bb5 Nd7 14. Ra3 f5 15. exf5 Rxf5 16. Nde4 Nb6 17. Qd3 Qf8 18. Raa1 Qf7 19. Rad1 Rf8 20. f3 Kh8 21. b3 Rh5 22. Bc6 Bc8 23. Ne2 Rh6 24. N2g3 Bh4 25. Qd2 Bxg3 26. Nxg3 Qf4 27. Re4 Qxd2 28. Rxd2 Rhf6 29. Ne2 g5 30. h3 Ba6 31. Nc3 Rf4 32. Kf2 Kg7 33. Ke3 Nc8 34. Bb5 Bb7 35. Bd7 Ne7 36. Be6 Rxe4+ 37. fxe4 Ba6 38. Bd7 h5 39. Bb5 Bc8 40. Be2 Kh6 41. Nb5 Rf7 42. Nxc7 Nf5+ 43. exf5 Rxc7 44. g4 Kg7 45. Bb5 Kf6 46. gxh5 Bxf5 47. Rf2 e4 48. Be2 Ke5 49. Bg4 Bxg4 50. hxg4 Kxd5 51. Rf5+ Ke6 52. Rxg5 Rf7 53. Kxe4 Rf2 54. h6 d5+ 55. Rxd5 Re2+ 56. Kd3 1-0

[Event "HUN-ch Rapid"]
[Site "Ajka"]
[Date "2022.07.17"]
[Round "13"]
[White "Egresi, Mate"]
[Black "Tubak, Daniel"]
[Result "1-0"]
[WhiteElo "2376"]
[BlackElo "2182"]
[PlyCount "99"]
[EventDate "2022.07.15"]
[EventType "swiss (rapid)"]
[EventRounds "13"]
[EventCountry "HUN"]
[SourceTitle "CBM 209 Extra"]
[Source "ChessBase"]
[SourceDate "2022.09.30"]
[SourceVersion "1"]
[SourceVersionDate "2022.09.30"]
[SourceQuality "1"]

1. d4 Nf6 2. c4 e6 3. Nf3 d5 4. Nc3 dxc4 5. e4 Bb4 6. Bg5 h6 7. Bxf6 Qxf6 8. Bxc4 c5 9. e5 Qd8 10. 0-0 cxd4 11. Ne4 0-0 12. Qe2 Nc6 13. Rad1 a6 14. Bd3 Be7 15. Rfe1 g6 16. Ng3 Kg7 17. Qe4 Rh8 18. h4 h5 19. Qf4 Nb4 20. Be4 Nd5 21. Bxd5 Qxd5 22. Rxd4 Qb5 23. Ng5 Rf8 24. N3e4 b6 25. Nf6 Ra7 26. Nfh7 Bxg5 27. Nxg5 Qe8 28. Qf6+ Kg8 29. Rd6 Qe7 30. Rxb6 Qxf6 31. exf6 Bb7 32. Rc1 Bd5 33. a4 a5 34. Rc5 Rd8 35. Rbb5 Rda8 36. f3 Kf8 37. Kf2 Ke8 38. Ke3 Kd8 39. Kf4 Ke8 40. Ne4 Bxe4 41. fxe4 Kd7 42. Kg5 Ra6 43. Rb7+ Kd6 44. Rcb5 R8a7 45. e5+ Kc6 46. Rxa7 Rxa7 47. Kh6 Rd7 48. Rxa5 Rd5 49. Rxd5 exd5 50. e6 1-0

[Event "HUN-ch Rapid"]
[Site "Ajka"]
[Date "2022.07.16"]
[Round "5"]
[White "Egresi, Mate"]
[Black "Marton, Jozsef"]
[Result "1-0"]
[WhiteElo "2376"]
[BlackElo "2059"]
[PlyCount "109"]
[EventDate "2022.07.15"]
[EventType "swiss (rapid)"]
[EventRounds "13"]
[EventCountry "HUN"]
[SourceTitle "CBM 209 Extra"]
[Source "ChessBase"]
[SourceDate "2022.09.30"]
[SourceVersion "1"]
[SourceVersionDate "2022.09.30"]
[SourceQuality "1"]

1. d4 d5 2. c4 e6 3. Nf3 Nf6 4. Nc3 Be7 5. Bf4 0-0 6. Qc2 c5 7. dxc5 Bxc5 8. e3 Nc6 9. a3 Be7 10. Rd1 Qa5 11. Be2 dxc4 12. Bxc4 e5 13. Bg3 Bg4 14. 0-0 h6 15. Nd5 Nxd5 16. Rxd5 Qb6 17. Rb5 Qd8 18. Nxe5 Nxe5 19. Bxe5 Qc8 20. Qb3 b6 21. Bd5 Be6 22. Bxe6 Qxe6 23. Qxe6 fxe6 24. Rb3 Rfd8 25. Rc3 Rac8 26. Rfc1 Rxc3 27. Bxc3 Kf7 28. Kf1 Rd7 29. Ke2 Bf6 30. Bxf6 Kxf6 31. e4 g5 32. Ke3 Ke5 33. f3 Kf6 34. g3 Rd6 35. f4 Rd7 36. Rc6 gxf4+ 37. gxf4 Kf7 38. b4 Rd1 39. Rc7+ Kf6 40. Rxa7 Re1+ 41. Kf3 Rf1+ 42. Kg3 Rg1+ 43. Kf2 Rh1 44. Kg2 Re1 45. Rb7 Rxe4 46. Rxb6 Rxf4 47. a4 Kf5 48. a5 Rc4 49. a6 e5 50. a7 Rc2+ 51. Kf1 Ra2 52. Rb7 Kf4 53. b5 Kf3 54. Rf7+ Ke3 55. b6 1-0

[Event "Budapest Vezerkepzo IM 7th"]
[Site "Budapest"]
[Date "2021.08.04"]
[Round "8"]
[White "Egresi, Mate"]
[Black "Aayush, Bhattacherjee"]
[Result "1-0"]
[WhiteElo "2383"]
[BlackElo "2180"]
[PlyCount "120"]
[EventDate "2021.07.29"]
[EventType "tourn"]
[EventRounds "11"]
[EventCountry "HUN"]
[EventCategory "1"]
[SourceTitle "CBM 203 Extra"]
[Source "ChessBase"]
[SourceDate "2021.09.30"]
[SourceVersion "1"]
[SourceVersionDate "2021.09.30"]
[SourceQuality "1"]

1. d4 d5 2. c4 e6 3. Nc3 Nf6 4. cxd5 exd5 5. Bg5 Be7 6. e3 c6 7. Bd3 Be6 8. Nf3 Nbd7 9. h3 Qb6 10. Qc2 Bd6 11. 0-0 0-0 12. Bf4 Qc7 13. Nb5 cxb5 14. Qxc7 Bxc7 15. Bxc7 Rfc8 16. Bf4 a6 17. Rfc1 Nb6 18. b3 Rxc1+ 19. Rxc1 Rc8 20. Rxc8+ Nxc8 21. Nd2 Na7 22. Bg5 Nd7 23. f3 Nc6 24. Kf1 Nb6 25. Bh4 Nc8 26. Bf2 N8e7 27. e4 f5 28. g4 fxe4 29. fxe4 h6 30. Kg2 dxe4 31. Nxe4 Bd5 32. Kf3 Nb4 33. Bb1 Kf7 34. Be1 Nbc6 35. Ke3 Bxe4 36. Kxe4 Ke6 37. b4 Nd5 38. a3 Nf6+ 39. Kd3 Kd7 40. Ba2 Ne7 41. Bf7 Ned5 42. Bg3 Ke7 43. Bg6 Kd7 44. Bf5+ Kc6 45. Be5 b6 46. Be6 Ne7 47. Bb3 a5 48. Bd1 axb4 49. Bf3+ Kd7 50. axb4 Ke6 51. Bb7 Ne8 52. Kc3 Nd6 53. Bf3 Ne8 54. Be2 Nd5+ 55. Kb3 Ndc7 56. Bd3 Kd5 57. Bg6 Ke6 58. Bf5+ Kd5 59. Kc3 Ne6 60. Kd3 N8c7 1-0

[Event "Budapest Vezerkepzo IM 7th"]
[Site "Budapest"]
[Date "2021.08.01"]
[Round "4"]
[White "Ajay, Karthikeyan"]
[Black "Egresi, Mate"]
[Result "1/2-1/2"]
[WhiteElo "2356"]
[BlackElo "2383"]
[PlyCount "99"]
[EventDate "2021.07.29"]
[EventType "tourn"]
[EventRounds "11"]
[EventCountry "HUN"]
[EventCategory "1"]
[SourceTitle "CBM 203 Extra"]
[Source "ChessBase"]
[SourceDate "2021.09.30"]
[SourceVersion "1"]
[SourceVersionDate "2021.09.30"]
[SourceQuality "1"]

1. e4 d6 2. d4 Nf6 3. Nc3 e5 4. Nf3 Nbd7 5. Bc4 Be7 6. 0-0 0-0 7. Re1 c6 8. a4 Qc7 9. h3 h6 10. Be3 Re8 11. Qb1 Nf8 12. Qa2 Be6 13. Rac1 a6 14. Bxe6 Nxe6 15. a5 exd4 16. Nxd4 Nxd4 17. Bxd4 Nd7 18. Rcd1 Bf6 19. b4 Bxd4 20. Rxd4 Nf6 21. Qc4 Rac8 22. Re3 c5 23. Rd1 cxb4 24. Qxb4 Re5 25. Rxd6 Rc5 26. e5 Rxc3 27. exf6 Rxc2 28. Rg3 g6 29. Qd4 Qc4 30. Rxg6+ fxg6 31. Rd8+ Kf7 32. Rd7+ Kg8 33. f7+ Qxf7 34. Rxf7 Kxf7 35. Qd5+ Kf6 36. Qf3+ Kg7 37. Qxb7+ R8c7 38. Qxa6 Kh7 39. h4 h5 40. Qb6 R2c6 41. Qb8 Rc8 42. Qb5 R6c7 43. f4 Rf8 44. Qe5 Ra7 45. Qc5 Rff7 46. Kh2 Ra6 47. Qc4 Rfa7 48. f5 Rxa5 49. fxg6+ Kxg6 50. Qg8+ 1/2-1/2

[Event "Budapest Vezerkepzo IM 7th"]
[Site "Budapest"]
[Date "2021.07.31"]
[Round "3"]
[White "Egresi, Mate"]
[Black "Borhy, Marcell Boldizsar"]
[Result "1/2-1/2"]
[WhiteElo "2383"]
[BlackElo "2386"]
[PlyCount "95"]
[EventDate "2021.07.29"]
[EventType "tourn"]
[EventRounds "11"]
[EventCountry "HUN"]
[EventCategory "1"]
[SourceTitle "CBM 203 Extra"]
[Source "ChessBase"]
[SourceDate "2021.09.30"]
[SourceVersion "1"]
[SourceVersionDate "2021.09.30"]
[SourceQuality "1"]

1. d4 d5 2. c4 c6 3. Nf3 Nf6 4. e3 e6 5. Nbd2 c5 6. b3 cxd4 7. exd4 Nc6 8. Bb2 Be7 9. Bd3 0-0 10. 0-0 b6 11. Rc1 Bb7 12. Bb1 Rc8 13. Qe2 Qd6 14. Rfd1 Rfd8 15. Ne5 dxc4 16. Ndxc4 Qb8 17. d5 exd5 18. Nxc6 Rxc6 19. Qxe7 Re8 20. Qb4 dxc4 21. Rxc4 Rce6 22. Rcc1 Be4 23. Bxf6 gxf6 24. Bxe4 Rxe4 25. Qc3 Qe5 26. Qxe5 R4xe5 27. g3 Kg7 28. Kg2 Re2 29. a4 R8e5 30. Rc3 Rf5 31. Rf3 Rxf3 32. Kxf3 Re6 33. h4 f5 34. Kf4 Re2 35. f3 Rb2 36. Rd3 Kg6 37. Rc3 h5 38. Ke5 Re2+ 39. Kd5 f4 40. gxf4 Rh2 41. Kc6 Rxh4 42. Kb7 Rxf4 43. Kxa7 h4 44. Kxb6 h3 45. Kc5 h2 46. Rc1 Rxf3 47. Rh1 Rxb3 48. Rxh2 1/2-1/2

[Event "HUN-ch Rapid"]
[Site "Ajka"]
[Date "2021.07.18"]
[Round "13"]
[White "Egresi, Mate"]
[Black "Krstulovic, Alex"]
[Result "0-1"]
[WhiteElo "2383"]
[BlackElo "2353"]
[PlyCount "88"]
[EventDate "2021.07.16"]
[EventType "swiss (rapid)"]
[EventRounds "13"]
[EventCountry "HUN"]
[SourceTitle "CBM 203 Extra"]
[Source "ChessBase"]
[SourceDate "2021.09.30"]
[SourceVersion "1"]
[SourceVersionDate "2021.09.30"]
[SourceQuality "1"]

1. d4 Nf6 2. c4 g6 3. Nc3 d5 4. cxd5 Nxd5 5. Bd2 Bg7 6. e4 Nb6 7. Be3 0-0 8. Nf3 Nc6 9. Be2 Bg4 10. e5 Nb4 11. 0-0 N4d5 12. h3 Bf5 13. Bd3 Nxc3 14. bxc3 Bxd3 15. Qxd3 Qd5 16. Bg5 Rfe8 17. Qe3 f6 18. Bh6 Nc4 19. Qc1 fxe5 20. Bxg7 Kxg7 21. Qg5 h6 22. Qg4 e4 23. Nh4 Qg5 24. Rfe1 Nd6 25. f3 Qxg4 26. hxg4 e5 27. fxe4 exd4 28. cxd4 Nxe4 29. Nf3 Rad8 30. Rac1 c6 31. a4 Rd5 32. Rc4 Nd6 33. Rxe8 Nxe8 34. Rb4 Nd6 35. Ne5 a5 36. Rb3 Rxd4 37. Kf2 Rf4+ 38. Ke2 Rxa4 39. Kd3 Kf6 40. Nd7+ Ke7 41. Nc5 Rxg4 42. Rb1 Rg3+ 43. Kd4 Nb5+ 44. Ke5 Rg5+ 0-1

[Event "Budapest Vezerkepzo GM Mix"]
[Site "Budapest"]
[Date "2021.07.01"]
[Round "10"]
[White "Murphy, Conor"]
[Black "Egresi, Mate"]
[Result "1-0"]
[WhiteElo "2394"]
[BlackElo "2383"]
[PlyCount "113"]
[EventDate "2021.06.24"]
[EventType "swiss"]
[EventRounds "10"]
[EventCountry "HUN"]
[SourceTitle "CBM 203 Extra"]
[Source "ChessBase"]
[SourceDate "2021.09.30"]
[SourceVersion "1"]
[SourceVersionDate "2021.09.30"]
[SourceQuality "1"]

1. e4 d6 2. d4 Nf6 3. Nc3 e5 4. Nf3 Nbd7 5. Bc4 Be7 6. 0-0 0-0 7. Re1 exd4 8. Nxd4 Ne5 9. Bf1 Re8 10. h3 Ng6 11. g3 Bf8 12. Bg2 c6 13. a4 Bd7 14. Kh2 h6 15. f4 Qc7 16. Be3 Rad8 17. Qd3 c5 18. Ndb5 Qb8 19. a5 Bc6 20. Nd5 Nxd5 21. exd5 Bd7 22. Bd2 h5 23. c4 a6 24. Nc3 Ne7 25. Qf3 g6 26. Ne4 Bg7 27. Bc3 Nf5 28. Nf6+ Bxf6 29. Bxf6 Rxe1 30. Rxe1 Re8 31. Qf2 b5 32. axb6 Qxb6 33. Rxe8+ Bxe8 34. g4 Ng7 35. f5 Bd7 36. Qf4 Qb8 37. fxg6 fxg6 38. Be7 hxg4 39. hxg4 Qc8 40. Bf3 Qb8 41. Kg3 Qb4 42. Bxd6 Qxb2 43. Bxc5 Qc3 44. Be3 a5 45. c5 Bb5 46. c6 a4 47. Bd4 Qe1+ 48. Bf2 Qe8 49. d6 Ne6 50. d7 Qe7 51. Bd5 Bxc6 52. Bxe6+ Kh7 53. Be3 g5 54. Qf5+ Kg7 55. Bd4+ Kh6 56. Bc5 Qg7 57. Bf8 1-0

[Event "Budapest Vezerkepzo GM Mix"]
[Site "Budapest"]
[Date "2021.06.30"]
[Round "9"]
[White "Egresi, Mate"]
[Black "Shahil, Dey"]
[Result "0-1"]
[WhiteElo "2383"]
[BlackElo "2434"]
[PlyCount "104"]
[EventDate "2021.06.24"]
[EventType "swiss"]
[EventRounds "10"]
[EventCountry "HUN"]
[SourceTitle "CBM 203 Extra"]
[Source "ChessBase"]
[SourceDate "2021.09.30"]
[SourceVersion "1"]
[SourceVersionDate "2021.09.30"]
[SourceQuality "1"]

1. Nf3 Nf6 2. g3 b5 3. Bg2 Bb7 4. Na3 a6 5. c4 b4 6. Nc2 e6 7. 0-0 Be7 8. d4 0-0 9. a3 bxa3 10. b3 c5 11. Bxa3 cxd4 12. Nfxd4 Bxg2 13. Kxg2 d5 14. Ne3 Bxa3 15. Rxa3 e5 16. Ndc2 d4 17. Nf5 Qd7 18. Nh4 Nc6 19. Qa1 a5 20. Nf3 Rad8 21. Rd1 Qf5 22. Qb1 Ne4 23. Nce1 g5 24. c5 g4 25. Rc1 d3 26. exd3 gxf3+ 27. Nxf3 Qxf3+ 28. Kxf3 Nd2+ 29. Ke3 Nxb1 30. Rxb1 Rd5 31. Rc1 Rb8 32. Rc3 Rb5 33. Ra4 Rd4 34. f4 f6 35. fxe5 fxe5 36. Ra1 Kf7 37. Rf1+ Ke6 38. Rf8 Nb4 39. Re8+ Kf6 40. Ke2 Nd5 41. Rc2 Rxb3 42. c6 Rc3 43. Rxc3 Nxc3+ 44. Kd2 Nd5 45. h4 a4 46. h5 Rb4 47. Rd8 Rb2+ 48. Kd1 a3 49. Kc1 Nb4 50. Ra8 Rc2+ 51. Kd1 a2 52. Rf8+ Ke7 0-1